Statistics for Diseases that start with G

Click here to take the quiz!

General Stats

  • This quiz has been taken 12 times
  • The average score is 6 of 16

Answer Stats

Answer% Correct
Gout
82%
Gonorrhoea
73%
Gingivitis
55%
Glaucoma
55%
Gangrene
45%
Gallbladder cancer
36%
Gallstones
36%
Gastro-esophageal reflux disease (GERD)
27%
Guillain-Barré Syndrome
27%
Gum disease
27%
Ganglion cyst
18%
Genital herpes
18%
Genital warts
18%
Giardiasis
18%
Glioma
18%
Glomerulonephritis
9%

Score Distribution

Percentile by Number Answered

Percent of People with Each Score

Your Score History

You have not taken this quiz